Vigilia en pie de muerte
Gardado en:
| Autor Principal: | |
|---|---|
| Formato: | Libro |
| Idioma: | Spanish |
| Publicado: |
San José, Costa Rica
Editorial Costa Rica
1972
|
| Edición: | 2. edición |
| Materias: | |
| Etiquetas: |
Engadir etiqueta
Sen Etiquetas, Sexa o primeiro en etiquetar este rexistro!
|
MARC
| LEADER | 00000nam a22000007a 4500 | ||
|---|---|---|---|
| 007 | ta | ||
| 008 | 140131s1972 cr |||f |||| 000 p spa d | ||
| 020 | |a 9977232563 | ||
| 040 | |a cru CIICLA Universidad de Costa Rica | ||
| 082 | |a CR861.4 |b A996v2 | ||
| 100 | |a Azofeifa Bolaños, Isaac Felipe |d 1909-1997 | ||
| 245 | |a Vigilia en pie de muerte |c Isaac Felipe Azofeifa | ||
| 250 | |a 2. edición | ||
| 260 | |a San José, Costa Rica |b Editorial Costa Rica |c 1972 | ||
| 300 | |a 123 páginas | ||
| 650 | 7 | |9 76 |a LITERATURA COSTARRICENSE |v POESIA | |
| 942 | |2 ddc |c BK | ||
| 999 | |c 3182 |d 3182 | ||



